Image trape: M G Ramachandran in film and politics (Record no. 18234)

MARC details
000 -LEADER
fixed length control field 00470nam a2200169Ia 4500
008 - FIXED-LENGTH DATA ELEMENTS--GENERAL INFORMATION
fixed length control field 230917s9999||||xx |||||||||||||| ||und||
020 ## - ISBN
Price RS645
040 ## - CATALOGING SOURCE
-- 232114
Original cataloging agency VIVEKANANDA LIBRARY
041 ## - Language
-- English
082 ## - DDC NUMBER
Classification number B R141P:T
100 ## - MAIN ENTRY--PERSONAL NAME
Personal name Pandian, M S S
245 #0 - TITLE STATEMENT
Title Image trape: M G Ramachandran in film and politics
260 ## - PUBLICATION, DISTRIBUTION, ETC. (IMPRINT)
Place of publication, distribution, etc New Delhi
Name of publisher, distributor, etc Sage Publications
Date of publication, distribution, etc 2015
300 ## - PHYSICAL DESCRIPTION
Pages xix, 162 p.
500 ## - GENERAL NOTE
General note 2284 10/02/2016 PBA15/939 29/02/2016 Main Budget
942 ## - ADDED ENTRY ELEMENTS (KOHA)
Koha item type Books
Holdings
Withdrawn status Lost status Damaged status Not for loan Location (home branch) Sublocation or collection (holding branch) Date acquired Koha issues (times borrowed) Koha full call number Accession No. Koha date last seen Koha item type
        VIVEKANANDA LIBRARY VIVEKANANDA LIBRARY 14/05/2016   B R141P:T 356966 17/09/2023 Books
© Designed and Maintained by Vivekananda Library, MDU Rohtak